000 00475nam a2200181Ia 4500
001 21285
005 20260306172908.0
008 260306t2007||||xx |||||||||||||| ||spa||
041 _aESP
082 _a344.522
_bP42
100 _aPeña Cabrera Freyre, Alonso Raúl [1969-...]
_eAUT
245 0 _aDelitos contra la libertad e intangibilidad sexual
260 _c2007
300 _a440 páginas :
_c24 cm.
650 _aGEN
654 _aCDE
942 _cLIB
_dJUS
_fJUS
_2ddc
_n
999 _c21285
_d21285